=LDR 00000nam 2200000 4500 =001 INLIS000000000016945 =005 20130612112148 =008 ***********************************Ind** =035 ##$$0010-061300000016945 =041 ##$$a Ind =082 ##$$a 92(Dahlan) =090 ##$$a 92(Dahlan), Saf k =100 ##$$a Safwan, Mardanas =245 ##$$a Kiai Haji Akhmad Dahlan, riwayat hidup dan perjuangan, Mardanas Safwan =260 ##$$a 2001 $b Jakarta =300 ##$$a 81 hm, ilus, 21 cm =650 ##$$a Dahlan, Ahmad, Kiai Haji =850 ##$$a NBPNMAT